000 00939pam a2200301 i 4500
001 3449400
003 EG-ScBUE
005 20260315090129.0
008 920423r20062003enka f d 001 0 eng d
020 _a0540083747 (pbk.)
020 _a9780540083749
040 _aEG-ScBUE
_beng
_erda
_cEG-ScBUE
_dEG-ScBUE
082 0 4 _a560
_bPHI
_222
245 0 0 _aPhilip's guide to fossils.
264 1 _aLondon :
_bPhilip's,
_c2006.
300 _a192 pages :
_billustrations (some color) ;
_c20 cm
336 _2rdacontent
_atext
_btxt
337 _aunmediated
_2rdamedia
_bn
338 _avolume
_bnc
_2rdacarrier
500 _aIncludes index.
500 _aIncludes glossary.
500 _a''A practical guide to the identification, understanding and hunting of fossils.'' Cover.
650 7 _aFossils.
_2BUEsh
650 7 _aPaleontology.
_2BUEsh
650 7 _aFossils
_vIdentification.
_2BUEsh
655 _vReading book
942 _2ddc
_cBB
999 _c10800
_d10800